|
|
|
|
| LEADER |
03110nam a2200529 4500 |
| 001 |
978-3-540-69751-0 |
| 003 |
DE-He213 |
| 005 |
20191028011415.0 |
| 007 |
cr nn 008mamaa |
| 008 |
100729s2004 gw | s |||| 0|eng d |
| 020 |
|
|
|a 9783540697510
|9 978-3-540-69751-0
|
| 024 |
7 |
|
|a 10.1007/b88177
|2 doi
|
| 040 |
|
|
|d GrThAP
|
| 050 |
|
4 |
|a TP155-156
|
| 072 |
|
7 |
|a TDC
|2 bicssc
|
| 072 |
|
7 |
|a SCI013060
|2 bisacsh
|
| 072 |
|
7 |
|a TDC
|2 thema
|
| 082 |
0 |
4 |
|a 660
|2 23
|
| 245 |
1 |
0 |
|a Characterization I
|h [electronic resource] /
|c edited by Hellmut G. Karge, Jens Weitkamp.
|
| 250 |
|
|
|a 1st ed. 2004.
|
| 264 |
|
1 |
|a Berlin, Heidelberg :
|b Springer Berlin Heidelberg :
|b Imprint: Springer,
|c 2004.
|
| 300 |
|
|
|a XI, 606 p.
|b online resource.
|
| 336 |
|
|
|a text
|b txt
|2 rdacontent
|
| 337 |
|
|
|a computer
|b c
|2 rdamedia
|
| 338 |
|
|
|a online resource
|b cr
|2 rdacarrier
|
| 347 |
|
|
|a text file
|b PDF
|2 rda
|
| 490 |
1 |
|
|a Molecular Sieves, Science and Technology,
|x 1436-8269 ;
|v 4
|
| 505 |
0 |
|
|a H.G. Karge and E. Geidel: Vibrational Spectroscopy -- M. Hunger and E. Brunner: NMR Spectroscopy -- H. Brunner, R.A. Schoonheydt and B.M. Weckhuysen: ESR Spectroscopy -- H. Förster: UV/VIS Spectroscopy -- P. Behrens: EXAFS.XANES and Related Techniques -- W. Grünert and R. Schlögl: XPS and Auger Electron Spectroscopy -- L. Rees: Mössbauer Spectroscopy.
|
| 520 |
|
|
|a Molecular Sieves - Science and Technology covers, in a comprehensive manner, the science and technology of zeolites and all related microporous and mesoporous materials. Authored by renowned experts, the contributions are grouped together topically in such a way that each volume of the book series deals with a specific sub-field. Volume 4 covers the characterization of molecular sieves with the help of the most important spectroscopic techniques (Characterization I), i.e. IR, Raman, NMR, EPR, UV-VIS Spectroscopy, X-ray absorption, photoelectron and Mössbauer Spectroscopy. Theory, experiment and application in selected examples are discussed.
|
| 650 |
|
0 |
|a Chemical engineering.
|
| 650 |
|
0 |
|a Physical chemistry.
|
| 650 |
|
0 |
|a Analytical chemistry.
|
| 650 |
1 |
4 |
|a Industrial Chemistry/Chemical Engineering.
|0 http://scigraph.springernature.com/things/product-market-codes/C27000
|
| 650 |
2 |
4 |
|a Physical Chemistry.
|0 http://scigraph.springernature.com/things/product-market-codes/C21001
|
| 650 |
2 |
4 |
|a Analytical Chemistry.
|0 http://scigraph.springernature.com/things/product-market-codes/C11006
|
| 700 |
1 |
|
|a Karge, Hellmut G.
|e editor.
|4 edt
|4 http://id.loc.gov/vocabulary/relators/edt
|
| 700 |
1 |
|
|a Weitkamp, Jens.
|e editor.
|4 edt
|4 http://id.loc.gov/vocabulary/relators/edt
|
| 710 |
2 |
|
|a SpringerLink (Online service)
|
| 773 |
0 |
|
|t Springer eBooks
|
| 776 |
0 |
8 |
|i Printed edition:
|z 9783642084010
|
| 776 |
0 |
8 |
|i Printed edition:
|z 9783540643357
|
| 776 |
0 |
8 |
|i Printed edition:
|z 9783662311073
|
| 830 |
|
0 |
|a Molecular Sieves, Science and Technology,
|x 1436-8269 ;
|v 4
|
| 856 |
4 |
0 |
|u https://doi.org/10.1007/b88177
|z Full Text via HEAL-Link
|
| 912 |
|
|
|a ZDB-2-CMS
|
| 912 |
|
|
|a ZDB-2-BAE
|
| 950 |
|
|
|a Chemistry and Materials Science (Springer-11644)
|